1080 1986 1868 1677 1375 1993 1541 1117 1836 1290 1787 1548 1858 1097 1408 1632 1618 1248 1748 1072 1883 1466 1692 1813 1005 1786 1967 1078 1645 1416 1519 1541 1665 1622 1715 1536 1760 1021 1586 1979 1939 1384 1098 1729 1638 1797 1193 1294 1127 1271 1612 1439 1810 1823 1295 1988 1566 1137 1834 1407 1011 1629 1541 1062 1841 1509 1140 1824 1408 1345 1448 1937 1704 1679 1941 1009 1289 1155 1562 1498 1550 1855 1956 1640 1324 1066 1318 1787 1076 1559 1551 1969 1206 1671 1341 1171 1176 1581 1703 BCNSPRNW ULIB Ver.6.0+V

เปลี่ยนเป็นภาษาไทย

Change to English
 แสดงรายละเอียดบรรณานุกรม
  กลับหน้าหลัก

Brief Record : Get Marc (ISO 2709) : E-mail record : QR code < ปิดหน้าต่าง
LEADER : 00000nam 2200000uu 4500
001    13399121332
003     ULIB
008    121115s2551||||th 000 0 tha d
020    ^a9789742127343
050  4 ^aTK5105.75^bอ623ต
100 0  ^aอาณัติ รัตนถิรกุล
245 10 ^aติดตั้งและบริหาร Windows Web Hosting ใช้งานในองค์กร (ภาคปฏิบัติ) /^cอาณัติ รัตนถิรกุล
246 30 ^aWindows Web Hosting ใช้งานในองค์กร (ภาคปฏิบัติ)
260    ^aกรุงเทพฯ :^bซีเอ็ดยูเคชั่น,^c2552
300    ^axii, 454 หน้า :^bภาพประกอบ ;^c22 ซ.ม.
650  4 ^aเว็บเซิร์ฟเวอร์
650  4 ^aเครือข่ายคอมพิวเตอร์^xการจัดการ
650  4 ^aไคลเอนต์/เซิร์ฟเวอร์
650  4 ^aระบบเครือข่ายสารสนเทศ
650  4 ^aอินเตอร์เน็ต^xการจัดการ
945    ^p320^l0^i16676
995    ^aทศพร
999 ^a ศิริพร
รายการนี้ยังไม่มีแท็ก
คุณยังไม่ได้ล็อกอิน คุณสามารถมีกิจกรรมร่วมกับเว็บไซต์ได้ แต่ต้องล็อกอินก่อน ::
  ล็อกอิน

รายการสื่อสารสนเทศ

ลำดับที่ ประเภท เลขเรียก/บาร์โค้ด สถานที่ สถานะ
1. วิทยาศาสตร์การแพทย์ และสุขภาพ
วิทยาศาสตร์การแพทย์ และสุขภาพ
TK5105.75 อ623ต  
  Barcode: 16676
ห้องสมุดวิทยาเขตสวรรค์ประชารักษ์
►หนังสือทั่วไป
บนชั้น

รายการใกล้เคียง
    ผู้แต่ง [อาณัติ รัตนถิรกุล]

    หัวเรื่อง [เว็บเซิร์ฟเวอร์]
    หัวเรื่อง [ไคลเอนต์/เซิร์ฟเวอร์]
    หัวเรื่อง [ระบบเครือข่ายสารสนเทศ]

BibComment


ยังไม่เคยถูกคอมเมนท์

คอมเมนท์ทรัพยากรรายการนี้
  คอมเมนท์: ติดตั้งและบริหาร..


 Copyright 2026. Bcnsprnw @Library